000 01026cad a22002535a 4500
001 E151353
008 101025s2008 xxk f 100 0 eng d
020 _a9781842194348
035 _a(Sirsi) u151353
041 0 _aeng
100 1 _aColantonio, Andrea
111 2 _aConstruction and Building Research Conference
_cDublin Institute of Technology, Dublin
_d4-5 September 2008
245 0 0 _aGreen professionals?
_ba global survey of the role and the engagement of the chartered surveying profession
_h[electronic resource]
260 _aLondon
_bRICS
_c2008
520 _aA paper presented at the COBRA Conference 2008 in Dublin.
590 _aKA
650 2 4 _aCONSTRUCTION AND BUILDING RESEARCH CONFERENCE (COBRA)
651 4 _aInternational
690 _aENVIRONMENTAL AND LAND CONSULTANCY-SUSTAINABILITY
700 1 _aDixon, Tim
700 1 _aShiers, David
856 4 0 _uhttps://www.rics.org/site/scripts/download_info.aspx?fileID=3357&categoryID=525
_zView the item free of charge at www.rics.org
942 _n0
999 _c111306
_d111306